000 00383cam a22001337a 4500
008 180718b1984 xxu||||| |||| 00| 0 eng d
082 _aD8x54 Si64
245 _aIndians in South Asia
_cedited by I.J. Bahadur Singh
260 _aNew Delhi
_bSterling
_c1984
300 _a268p.
650 _aSouth Asia --History
650 _aEast Indians --South Asia
700 _aSingh, I.J. Bahadur
999 _c353210
_d353210